| 000 | 00909nmm a2200361 a 4500 | ||
|---|---|---|---|
| 003 | AR-BaBNM | ||
| 005 | 20251128211128.0 | ||
| 008 | 292120s1971 ||||||||||||||000 | spa|| | ||
| 040 | _cAR-BaBNM | ||
| 100 | 1 | _aCoronas Tejada, Luis | |
| 245 | 1 | 0 |
_aDidáctica de la geografía _n2 |
| 250 | _a5ª ed. | ||
| 260 |
_aMadrid _bAnaya _c1971 |
||
| 300 |
_a412 p. _btablas, fot., gráfs. |
||
| 650 | 4 | _aENSENANZA DE LA GEOGRAFIA | |
| 650 | 4 | _aENSENANZA DE LAS CIENCIAS SOCIALES | |
| 650 | 4 | _aGEOGRAFIA POLITICA | |
| 650 | 4 | _aGEOGRAFIA MUNDIAL | |
| 650 | 4 | _aGEOGRAFIA HUMANA | |
| 651 | 4 | _aEspaña | |
| 651 | 4 | _aAfrica | |
| 651 | 4 | _aAsia | |
| 651 | 4 | _aEuropa | |
| 651 | 4 | _aURSS | |
| 651 | 4 | _aAmérica | |
| 651 | 4 | _aEstados Unidos | |
| 651 | 4 | _aIberoamérica | |
| 651 | 4 | _aOceanía | |
| 653 | _aEDUCACION SECUNDARIA | ||
| 653 | _aESTRATEGIAS DIDACTICAS | ||
| 942 | _cBK | ||
| 998 | _craquel | ||
| 999 |
_c18360 _d18360 |
||